Дело о службе состоявшего в ведомстве Театральной дирекции стороже при Михайловском театре, умершего отставного унтер-офицера Тр...

Доступно только в Электронных читальных залах Найти на картеНа карте
RUSMARC
00003786nmc2a22000003x 450
0019744fb6e-54a8-4661-8af9-76d6abdd3438
00520181224182346.0
100##$a20170623l18461846k l0rusy0189 ca
1010#$arus
102##$aRU
2001#$aДело о службе состоявшего в ведомстве Театральной дирекции стороже при Михайловском театре, умершего отставного унтер-офицера Трофима Алексеева
$j23 марта - 26 мая 1846 г.
251##$cДело
300##$aПо Санкт-Петербургской дирекции за 1846 год
300##$aДело
801#0$aRU
$bРГИА
$c20170623
$gRCR
801#1$aRU
$bГлавНИВЦ
$c20170623
$2rusmarc
801#2$aRU
$bПБ им. Б.Н. Ельцина
$c20181224
$gRCR
$2rusmarc
850##$aРГИА
852##$aРГИА
$eФедеральное казенное учреждение "Российский государственный исторический архив" (РГИА)
$j10649
937##$hРГИА
$d12245832
$aASBIBLIO_SCAN
462#0$1001dd3991dc-24e1-42ec-8838-ca4255420416
$12001
$a1746-1850 гг.
$1251
$cОпись
$1852
$j1
461#0$10019264ebf8-de62-4f1a-9eb4-9f22098dbbd5
$12001
$aДирекция императорских театров МИДв
$1251
$cФонд
$1852
$j497
215##$a11 л.
$d36,5х26 см
371##$aДокумент не является опубликованным и широко распространяемым
105##$ay###
1222#$ad
035##$a9744fb6e-54a8-4661-8af9-76d6abdd3438
856##$uhttp://readingroom.main.prlib.ru/item.aspx?id_node=n122261694&mode=full
Формат отображения